000 01303nam a22003857a 4500
001 121
003 FISKH
005 20250206082714.0
008 230228b cb ||||| |||| 00| 0 eng d
010 _a 00055305
020 _a0375802916 (trade)
020 _a0375902910 (glb)
040 _aDLC
_cDLC
_dDLC
_dFISKH
_beng
042 _alcac
050 0 0 _aPZ7.P2197
_bJug 2001
082 0 0 _a813.54
_221
100 1 _aPark, Barbara.
245 1 0 _aJunie B. Jones is Captain Field Day /
_cby Barbara Park ; illustrated by Denise Brunkus.
260 _aNew York
_bScholastic
_c2001
300 _a66 p.
_bill.
_c21 cm.
490 1 _aThe Junie B. Jones series ;
_v#16
500 _a"A Stepping Stone book."
505 _aF
520 _aAs captain of Room Nine's field day team, Junie B. Jones tries to rally her troops after they lose several events.
521 8 _a310
_bLexile
521 8 _aF
_bRaz-Plus
650 1 _aWinning and losing
_vFiction.
650 1 _aKindergarten
_vFiction.
650 1 _aSchools
_vFiction.
700 1 _aBrunkus, Denise,
_eill.
800 1 _aPark, Barbara.
_tJunie B. Jones series ;
_v#16.
856 4 2 _3Publisher description
_uhttp://www.loc.gov/catdir/description/random047/00055305.html
906 _a7
_bcbc
_corignew
_d1
_eocip
_f20
_gy-gencatlg
942 _2ddc
_cBK
_n0
999 _c121
_d121